| 000 | 00870nam a2200277 i 4500 | ||
|---|---|---|---|
| 999 |
_c2508 _d2508 |
||
| 001 | 2851 | ||
| 003 | BD-DhUAP | ||
| 005 | 20210130100952.0 | ||
| 008 | 200225s2013 ctuab b 001 0 eng | ||
| 020 | _a0500278288 | ||
| 040 |
_aBD-DhUAP _bEng _cBD-DhUAP _dBD-DhUAP |
||
| 082 | 0 | 0 |
_a709.04 OLI _223 |
| 100 | _aOliveira, Nicolas De. | ||
| 245 |
_aInstallation art / _cNicolas De Oliveira, Nicola Oxley and Michael Petry ; Michael Archer. |
||
| 250 | _a1st ed. | ||
| 260 |
_aLondon : _bThames & Hudson, _cc1996 [Reprinted 2000]. |
||
| 300 |
_a208 pages : _billustrations ; _c28 cm |
||
| 504 | _aIncludes bibliographical references and index. | ||
| 650 | _aInstallations (Art) Art, Modern -- 20th century. | ||
| 650 | _aArt, Modern. | ||
| 700 | _aOxley, Nicola | ||
| 700 | _aPetry, Michael | ||
| 700 | _aArcher, Michael | ||
| 942 |
_2ddc _cBK |
||